LEADER 01324nam2-2200409---450 001 990006153450203316 005 20190905110856.0 035 $a000276736 035 $aUSA01000276736 035 $a(ALEPH)000615345USA01 035 $a000276736 100 $a20060627d1971----km-y0itay50------ba 101 $afre 102 $aIT 105 $aa---||||001yy 200 1 $a<<2.>> : <> architectures$e(1962-1967)$fpar Andrč Balland...[et al.] 210 $aRome$cEcole francais de Rome$d1971 215 $a394 p., [16] carte di tav. ripiegate$cill.$d28 cm 225 2 $aMelanges d'archeologie et d'histoire$iSupplements$v6 410 0$12001$aMelanges d'archeologie et d'histoire$iSupplements$v6 454 1$12001 461 1$1001000153717$12001 606 0 $aOggetti di scavo$yLago di Bolsena$2BNCF 676 $a722.62 700 1$aBALLAND,$bAndre$0397057 801 0$aIT$bsalbc$gISBD 912 $a990006153450203316 951 $aXI.5.B. 273 2$b252650 L.M.$cXI.5.B.$d389697 951 $aXV.20. 37 2$b266604 L.M.$cXV.20.$d425329 959 $aBK 969 $aUMA 969 $aFJBER 979 $aALESSANDRA$b90$c20160616$lUSA01$h1603 979 $aALESSANDRA$b90$c20160616$lUSA01$h1607 979 $aALESSANDRA$b90$c20160616$lUSA01$h1611 996 $aArchitectures$91387433 997 $aUNISA LEADER 02614nam 2200457 a 450 001 9910699595803321 005 20230902162022.0 035 $a(CKB)5470000002402964 035 $a(OCoLC)690911985 035 $a(EXLCZ)995470000002402964 100 $a20101209d2009 ua 0 101 0 $aeng 135 $aurcn||||||||| 181 $ctxt$2rdacontent 182 $cc$2rdamedia 183 $acr$2rdacarrier 200 10$aRegional regression equations for estimation of natural streamflow statistics in Colorado$b[electronic resource] /$fby Joseph P. Capesius and Verlin C. Stephens ; prepared in cooperation with the Colorado Water Conservation Board and the Colorado Department of Transportation 210 1$aReston, Va. :$cU.S. Dept. of the Interior, U.S. Geological Survey,$d2009. 215 $a1 online resource (iv, 46 pages) $cillustrations, map 225 1 $aScientific investigations report ;$v2009-5136 300 $aTitle from PDF title screen (viewed on Dec. 9, 2010). 320 $aIncludes bibliographical references (pages 29-31). 327 $aDescription of study area -- Previous studies -- Regional regression equations for estimation of natural streamflow statistics in Colorado -- Definition of hydrologic regions of Colorado -- Selection of stations -- Selection of stations for peak-streamflow statistics -- Selection of stations for other streamflow statistics -- Computation of streamflow statistics and basin and climatic characteristics -- Peak-streamflow frequency -- Annual- and monthly-mean streamflow and flow-duration curves -- Minimum and maximum 7-day streamflow -- Basin and climatic characteristics -- Computation of regional regression equations -- Generalized least-squares regression -- Weighted least-squares regression -- Discussion of selection of variables -- Application and limitations of regional regression equations. 410 0$aScientific investigations report ;$v2009-5136. 606 $aStream measurements$zColorado 606 $aStreamflow$zColorado 606 $aRegression analysis 615 0$aStream measurements 615 0$aStreamflow 615 0$aRegression analysis. 700 $aCapesius$b Joseph P$01394848 701 $aStephens$b Verlin C$01413301 712 02$aGeological Survey (U.S.) 712 02$aColorado Water Conservation Board. 712 02$aColorado.$bDepartment of Transportation. 801 0$bGPO 801 1$bGPO 906 $aBOOK 912 $a9910699595803321 996 $aRegional regression equations for estimation of natural streamflow statistics in Colorado$93509379 997 $aUNINA